Nové oslobodenia a podpory v zákone o dani z príjmov a ďalšie zmeny v zdaňovaní FO
Pokračovanie príspevku z predchádzajúceho čísla. Informácie o zmenách, ktoré s účinnosťou od roku 2018 obsahuje novela zákona č. 595/2003 Z. z. o dani z príjmov v z. n. p. Zmeny v zdaňovaní právnických osôb. Osobitný daňový režim tzv. patent box. Oslobodenie výnosov z licencií za využívanie patentu,...
Saved in:
| Main Author: | |
|---|---|
| Other Authors: | |
| Format: | Book Chapter |
| Language: | Slovak |
| Subjects: | |
| Tags: |
No Tags, Be the first to tag this record!
|
MARC
| LEADER | 00000naa a2200000 4500 | ||
|---|---|---|---|
| 001 | 0245480 | ||
| 005 | 20221104110824.0 | ||
| 041 | 0 | |a slo | |
| 044 | |a SK | ||
| 245 | 1 | 0 | |a Nové oslobodenia a podpory v zákone o dani z príjmov a ďalšie zmeny v zdaňovaní FO |c Peter Horniaček, Viera Mezeiová |
| 520 | |a Pokračovanie príspevku z predchádzajúceho čísla. Informácie o zmenách, ktoré s účinnosťou od roku 2018 obsahuje novela zákona č. 595/2003 Z. z. o dani z príjmov v z. n. p. Zmeny v zdaňovaní právnických osôb. Osobitný daňový režim tzv. patent box. Oslobodenie výnosov z licencií za využívanie patentu, úžitkového vzoru alebo softvéru. Ilustračné príklady. | ||
| 610 | 2 | 0 | |a dane z príjmov |
| 610 | 2 | 0 | |a zákony |
| 610 | 2 | 0 | |a novelizácia |
| 610 | 2 | 0 | |a osoby právnické |
| 610 | 2 | 0 | |a osoby fyzické |
| 100 | 1 | |a Horniaček, Peter | |
| 700 | 1 | |a Mezeiová, Viera | |